[Event "TCh-FRA Nat1 GpB"]
[Site "Montpellier FRA"]
[Date "2004.04.03"]
[Round "6"]
[White "Vallet,M"]
[Black "Chabanon,JL"]
[Result "1/2-1/2"]
[WhiteElo "2226"]
[BlackElo "2449"]

1.e4 g6 2.d4 Bg7 3.Nc3 d6 4.g3 Nc6 5.Nce2 d5 6.e5 f6 7.exf6 Nxf6 8.Bg2 e5
9.dxe5 Nxe5 10.Bf4 Nc4 11.b3 Nd6 12.Rc1 c6 13.Nf3 O-O 14.O-O Nde4 15.c4 dxc4
16.Qxd8 Rxd8 17.Rxc4 Be6 18.Rb4 Nc5 19.Be3 Nfd7 20.Ng5 Bf5 21.g4 a5 22.Rxb7 Nxb7
23.gxf5 Ne5 24.fxg6 hxg6 25.Nd4 Rd6 26.Ne4 Rd7 27.Ng5 Nd8 28.Bh3 Re7 29.Nde6 Nf3+
30.Kh1 Nxg5 31.Nxg5 Bf6 32.Rg1 Kg7 33.Nf3 Nf7 34.Bf5 Nh8 35.h4 Rf8 36.Bb1 Rfe8
37.h5 Rxe3 38.fxe3 Rxe3 39.Kg2 Rc3 40.hxg6 Nxg6 41.Rd1 Ne5 42.Nxe5 Bxe5  1/2-1/2

[Event "Open ch-NOR"]
[Site "Oslo NOR"]
[Date "2004.04.03"]
[Round "1"]
[White "Hagesaether,T"]
[Black "Alvir,A"]
[Result "0-1"]
[WhiteElo "2013"]
[BlackElo "2374"]

1.d4 g6 2.e4 Bg7 3.Nc3 d6 4.Be3 a6 5.h3 b5 6.Bd3 Nd7 7.Nce2 Bb7 8.Nf3 Ngf6
9.Ng3 O-O 10.O-O e5 11.c3 c6 12.Qd2 Re8 13.Rfe1 Qe7 14.Rac1 Qf8 15.b3 c5
16.d5 Bxd5 17.Nxe5 Rxe5 18.Bf4 Ree8 19.exd5 Rxe1+ 20.Rxe1 Rd8 21.c4 b4 22.Qd1 Bh6
23.Qc1 Bxf4 24.Qxf4 Re8 25.Re2 Rxe2 26.Bxe2 Qe7 27.h4 a5 28.h5 Kf8 29.hxg6 hxg6
30.Kf1 Ke8 31.Bd3 Kd8 32.Bc2 Kc7 33.Qc1 Qe5 34.a3 Ng4 35.axb4 cxb4 36.Qb1 Qd4
37.Qe1 Nde5 38.Ne2 Nh2+ 39.Kg1 Nhf3+ 40.gxf3 Nxf3+ 41.Kf1 Qh4 42.Qd1 Qh3+  0-1

[Event "Open ch-NOR"]
[Site "Oslo NOR"]
[Date "2004.04.05"]
[Round "3"]
[White "Stam,B"]
[Black "Hagesaether,E"]
[Result "0-1"]
[WhiteElo "2053"]
[BlackElo "2194"]

1.e4 g6 2.d4 Bg7 3.Nc3 d6 4.f4 Nf6 5.Nf3 c5 6.dxc5 Qa5 7.Bd3 Qxc5 8.Qe2 O-O
9.Be3 Qa5 10.O-O Bg4 11.h3 Bxf3 12.Qxf3 Nc6 13.Rab1 Nd7 14.Bd2 Qd8 15.b4 Rc8
16.Ne2 Nd4 17.Nxd4 Bxd4+ 18.Kh1 Nb6 19.f5 Bg7 20.Qe2 Qc7 21.Bg5 Na4 22.Rb3 a6
23.c4 a5 24.a3 axb4 25.axb4 Ra8 26.f6 exf6 27.Bxf6 Bxf6 28.Rxf6 Nb6 29.Rf1 Nd7
30.Qb2 b6 31.Ra1 Ne5 32.Qd4 Rxa1+ 33.Qxa1 Nxc4 34.Rc3 b5 35.Qa6 d5 36.Bxc4 Qe5
37.Rc1 dxc4 38.Rd1 Qxe4 39.Qxb5 Qc2 40.Qd7 c3 41.b5 Qb2 42.Qc7 c2 43.Rf1 f6
44.b6 Rf7 45.Qd8+ Kg7 46.Qd2 Re7 47.Rc1 Re2 48.Qxe2 Qxc1+ 49.Kh2 Qd1 50.Qe7+ Kh6
51.Qe3+ g5 52.b7 c1=Q 53.b8=Q Qxe3 54.Qf8+ Kg6 55.Qg8+ Kf5 56.Qxh7+ Kf4 57.Qc7+ Qe5
58.Qc4+ Kf5+  0-1

[Event "Pobeskydi Arcimpex Cup"]
[Site "Frydek Mistek CZE"]
[Date "2004.04.08"]
[Round "2"]
[White "Chrz,P"]
[Black "Petran,Pe"]
[Result "0-1"]
[WhiteElo "2196"]
[BlackElo "2395"]

1.e4 g6 2.d4 Bg7 3.Nc3 d6 4.f4 a6 5.Nf3 b5 6.Bd3 Nd7 7.Qe2 c5 8.e5 cxd4 9.Nxd4 Nc5
10.Be4 Bb7 11.Bxb7 Nxb7 12.Qe4 Nc5 13.Qc6+ Kf8 14.Be3 Rc8 15.Qd5 dxe5 16.Qxd8+ Rxd8
17.Nc6 Rc8 18.Nxe5 Ne6 19.O-O-O Nf6 20.f5 gxf5 21.g3 Ng4 22.Nxg4 fxg4 23.Nd5 h5
24.Rhf1 Bh6 25.Rde1 Rc5 26.Nb4 Nd4 27.Kb1 Bxe3 28.Rxe3 a5 29.Rd3 e5 30.c3 Nf3
31.Na6 Rc8 32.Rd5 Rh6 33.Nc5 Rxc5 34.Rxc5 Nd2+ 35.Kc2 Nxf1 36.Rxe5 Nxh2 37.Rf5 Nf3
38.Rxb5 h4 39.gxh4 g3  0-1

[Event "Open ch-NOR"]
[Site "Oslo NOR"]
[Date "2004.04.09"]
[Round "7"]
[White "Kolas,T"]
[Black "Osttveit,M"]
[Result "1-0"]
[WhiteElo "2171"]
[BlackElo "2068"]

1.e4 g6 2.d4 Bg7 3.Nc3 d6 4.Be3 Nd7 5.Nf3 Ngf6 6.Qd2 c6 7.Bh6 Bxh6 8.Qxh6 Qa5
9.O-O-O b5 10.e5 b4 11.exf6 bxc3 12.fxe7 cxb2+ 13.Kb1 Nf6 14.Bc4 Ne4 15.Qg7 Nc3+
16.Kxb2 Qb4+ 17.Bb3 Na4+ 18.Kc1 Qa3+ 19.Kd2 Qb4+ 20.Ke3 Kxe7 21.Qxf7+ Kd8
22.Qf6+ Kc7 23.Qxh8 Kb6 24.Bxa4 Qxa4 25.Qd8+ Ka6 26.Rd3 Bb7 27.Qxd6 Re8+
28.Kf4  1-0

[Event "ch-HUN U20"]
[Site "Budapest HUN"]
[Date "2004.04.10"]
[Round "6"]
[White "Papp,T"]
[Black "Szabo,Ba"]
[Result "1-0"]
[WhiteElo "2112"]
[BlackElo "2141"]

1.e4 g6 2.d4 Bg7 3.Nc3 d6 4.Bg5 Nf6 5.f4 O-O 6.Nf3 Bg4 7.h3 Bxf3 8.Qxf3 Nc6
9.O-O-O Nd7 10.e5 f6 11.Bc4+ Kh8 12.h4 h6 13.Qg3 Nb6 14.Be6 Qe8 15.Nb5 Rc8
16.Kb1 Nd8 17.Bxc8 Nxc8 18.Nxc7 Qd7 19.Bxh6 Bxh6 20.Qxg6 Bg7 21.h5 Rg8 22.exf6 Bf8
23.Qe8 Qxe8 24.Nxe8 exf6 25.Nxf6 Rxg2 26.Rhg1 Rxg1 27.Rxg1 Bg7 28.Ne4 d5
29.Ng5 Ne7 30.Re1 Ndc6 31.c3 Bh6 32.Kc2 Kg7 33.Re6 Nf5 34.Rg6+ Kh8 35.Nf7+ Kh7
36.Nxh6 Nxh6 37.Rd6 Nf5 38.Rd7+ Kh6 39.Rxb7 Kxh5 40.Rc7 Nfe7 41.b4 a6 42.a4 Kg6
43.b5 axb5 44.axb5 Kf6 45.bxc6 Ke6 46.Rxe7+ Kxe7  1-0

[Event "42nd Doeberl Cup"]
[Site "Canberra AUS"]
[Date "2004.04.10"]
[Round "3"]
[White "Dragicevic,Drag"]
[Black "Bourmistrov,D"]
[Result "0-1"]
[WhiteElo "2164"]
[BlackElo "2213"]

1.e4 d6 2.d4 g6 3.Nc3 Bg7 4.Be3 a6 5.Qd2 b5 6.Bd3 Nd7 7.Nce2 Bb7 8.c3 Ngf6
9.f3 c5 10.Nh3 Qc7 11.O-O O-O 12.Bh6 e5 13.d5 c4 14.Bc2 Nc5 15.Ng3 Bc8 16.Bxg7 Kxg7
17.f4 Bxh3 18.fxe5 dxe5 19.gxh3 Ne8 20.Qg5 Kh8 21.Qh6 Nd6 22.Rf3 f5 23.exf5 e4
24.Rf2 Nxf5 25.Nxf5 gxf5 26.Raf1 Qe5 27.Qh5 Nd3 28.Bxd3 cxd3 29.Rxf5 Rxf5
30.Rxf5 Qg7+ 31.Kh1 Rg8 32.Qg4 Qxg4 33.hxg4 d2  0-1

[Event "Open ch-NOR"]
[Site "Oslo NOR"]
[Date "2004.04.10"]
[Round "8"]
[White "Alvir,A"]
[Black "Tjiam,D"]
[Result "1-0"]
[WhiteElo "2374"]
[BlackElo "2324"]

1.e4 d6 2.d4 g6 3.Nc3 Bg7 4.Be3 a6 5.Qd2 Nd7 6.f3 b5 7.h4 h5 8.Nh3 Ngf6 9.O-O-O Bb7
10.Ng5 b4 11.Ne2 a5 12.Kb1 Rc8 13.Nf4 e5 14.Bc4 d5 15.Bxd5 Nxd5 16.Nxd5 O-O
17.dxe5 Nxe5 18.Bc5 Nc4 19.Qe2 Bxd5 20.Rxd5 Nxb2 21.Rxd8 Rfxd8 22.Qb5 Rb8
23.Qc6 Nd1 24.e5 Nc3+ 25.Kb2 Bxe5 26.Nxf7 Kxf7 27.Re1 Rd1 28.Rxd1 Nxd1+ 29.Kb3 Rd8
30.f4 Bf6 31.Qxc7+ Ke6 32.Qxa5 Nc3 33.Bxb4 Ne4 34.a4 Rd5 35.Qa8 Nd2+ 36.Ka2 Bxh4
37.Qg8+  1-0

[Event "42nd Doeberl Cup"]
[Site "Canberra AUS"]
[Date "2004.04.11"]
[Round "5"]
[White "Solomon,SJ"]
[Black "Reilly,T"]
[Result "1/2-1/2"]
[WhiteElo "2404"]
[BlackElo "2279"]

1.e4 d6 2.d4 g6 3.Nc3 Bg7 4.Nf3 Nf6 5.Be2 O-O 6.O-O c6 7.h3 Qc7 8.Bf4 Nbd7
9.e5 Nd5 10.Nxd5 cxd5 11.exd6 exd6 12.Re1 Nf6 13.Bd3 b6 14.c3 Bb7 15.Nh2 Ne4
16.f3 Nf6 17.Qd2 Bc6 18.a4 Rfe8 19.g4 Rxe1+ 20.Qxe1 Re8 21.Qd2 h5 22.Kf2 hxg4
23.hxg4 Nh7 24.Nf1 Bf6 25.Ng3 Qd8 26.Bb5 Qd7 27.Bxc6 Qxc6 28.a5 b5 29.Nf1 Nf8
30.b4 Ne6 31.Be3 Rc8 32.Rc1 a6 33.f4 Bh4+ 34.Kf3 Qe8 35.Qh2 Nxd4+ 36.Kg2 Qe4+
37.Kh3 Nf3 38.Qc2 Bf6 39.Qxe4 dxe4 40.Ng3 d5 41.Ne2 d4 42.g5 Be7 43.Nxd4 Nxd4
44.Bxd4 Bxb4 45.Kg4 Bf8 46.Re1 Bg7 47.Rxe4 Bxd4 48.Rxd4 Rxc3 49.Rd6  1/2-1/2

[Event "42nd Doeberl Cup"]
[Site "Canberra AUS"]
[Date "2004.04.11"]
[Round "5"]
[White "Humphrey,J"]
[Black "Rujevic,M"]
[Result "0-1"]
[WhiteElo "2158"]
[BlackElo "2273"]

1.d4 g6 2.e4 Bg7 3.Nc3 d6 4.Be3 Nf6 5.Nf3 O-O 6.Qd2 c6 7.Bd3 Re8 8.h3 e5
9.O-O Nbd7 10.a4 Nf8 11.Rad1 Qc7 12.Rfe1 a6 13.b4 Ne6 14.a5 exd4 15.Nxd4 c5
16.Nb3 c4 17.Nd5 Nxd5 18.exd5 cxd3 19.dxe6 dxc2 20.Rc1 Bxe6 21.Rxc2 Qd7 22.Nd4 Bd5
23.Rec1 Rac8 24.Ne2 Rxc2 25.Qxc2 Be5 26.Bf4 Bc6 27.Be3 Qe6 28.Nf4 Bxf4  0-1

[Event "Open ch-NOR"]
[Site "Oslo NOR"]
[Date "2004.04.11"]
[Round "9"]
[White "Howell,D"]
[Black "Alvir,A"]
[Result "1/2-1/2"]
[WhiteElo "2332"]
[BlackElo "2374"]

1.e4 g6 2.d4 Bg7 3.Nc3 d6 4.f4 Nf6 5.a3 O-O 6.Nf3 Na6 7.Be3 c6 8.Bd3 Bg4
9.h3 Bxf3 10.Qxf3 Nc7 11.g4 Nd7 12.h4 c5 13.dxc5 Nxc5 14.h5 g5 15.h6 Bxc3+
16.bxc3 gxf4 17.Bxc5 dxc5 18.Qxf4 Ne6 19.Qf5 c4 20.Bxc4 Qc7 21.Bd3 Qxc3+
22.Kf2 Rfd8 23.Rae1 Rac8 24.e5 Nf8 25.e6 f6 26.Rh5 Ng6 27.Qf3 Qd4+ 28.Kf1 Qf4
29.Qxf4 Nxf4 30.Rb5 b6 31.g5 Rf8 32.Re3 Kh8 33.Kg1 Rg8 34.Kf2 fxg5 35.Ree5 Rc6
36.Kg3 Nxe6 37.Kg4 Nc5 38.Rxe7 Rxh6 39.Rxa7 Rh4+ 40.Kg3 Nxd3 41.cxd3 Rd4
42.Rxb6 Rxd3+ 43.Kg4 Rd4+  1/2-1/2

[Event "ch-city"]
[Site "Berlin GER"]
[Date "2004.04.12"]
[Round "4"]
[White "Horn,S"]
[Black "Schmidt,Pe2"]
[Result "0-1"]
[WhiteElo "2096"]
[BlackElo "2138"]

1.e4 g6 2.d4 d6 3.Nc3 Bg7 4.Be3 a6 5.a4 b6 6.Qd2 Bb7 7.f3 Nd7 8.Nge2 c5 9.d5 Qc7
10.Nf4 Ngf6 11.h4 h6 12.g4 h5 13.g5 Nh7 14.Be2 O-O 15.Kf2 Ne5 16.Kg2 Rfb8
17.Nh3 Bc8 18.Nf2 Ra7 19.f4 Nd7 20.Bc4 Ndf8 21.Rad1 Bd7 22.Qd3 Qb7 23.Ra1 Raa8
24.Rhb1 b5 25.axb5 axb5 26.Rxa8 Qxa8 27.Nxb5 Bxb5 28.Bxb5 Qa2 29.c4 Bxb2
30.Bxc5 Bg7 31.Bb4 Qa7 32.Rb3 Nd7 33.Ra3 Qc7 34.Ba5 Qc8 35.Bc3 Nc5 36.Qd2 Ra8
37.Rxa8 Qxa8 38.e5 Qa3 39.Bb4 Qa7 40.exd6 exd6 41.Qe3 Nf8 42.Be8 Qb8 43.Bb5 Qa7
44.Kf3 Qa1 45.Bxc5 dxc5 46.Qxc5 Bd4 47.Qb4 Qc1 48.Qb3 Qd2 49.Nd1 Qh2 50.Ke4 Bc5
51.Qd3 Qxh4 52.Qf1 Qg3 53.Qf3 Qe1+ 54.Kd3 h4 55.Ba4 Qg1 56.Ne3 Qa1 57.Bb5 Qb2
58.Ng4 Qd4+ 59.Ke2 Bd6 60.Nf6+ Kh8 61.Ne4 Bb4 62.Kf1 Kg7 63.Kg2 Nh7 64.Kh3 Be7
65.Kxh4 f5 66.Qc3 Bc5 67.Qxd4+ Bxd4 68.c5 Kf7 69.Nd6+ Ke7 70.Nb7 Nf8 71.d6+ Ke6
72.Bc4+ Kd7 73.Bd5 Bxc5 74.Nxc5+ Kxd6 75.Ne6 Nxe6 76.Bxe6 Kxe6 77.Kg3 Kd5
78.Kf3 Kd4 79.Kg3 Ke3  0-1

[Event "42nd Doeberl Cup"]
[Site "Canberra AUS"]
[Date "2004.04.12"]
[Round "7"]
[White "Jovanovic,Pete"]
[Black "Rujevic,M"]
[Result "0-1"]
[WhiteElo "2091"]
[BlackElo "2273"]

1.e4 d6 2.d4 g6 3.Nc3 Bg7 4.Be3 Nf6 5.Be2 c6 6.a4 O-O 7.Qd2 Qa5 8.Rb1 c5
9.dxc5 dxc5 10.Nd5 Qxd2+ 11.Bxd2 Nxd5 12.exd5 Bf5 13.Bf3 Bxc2 14.Ra1 Nd7
15.Ne2 Ne5 16.Bc3 Nxf3+ 17.gxf3 Rfd8 18.Bxg7 Kxg7 19.Nc3 Bb3 20.O-O Bxd5
21.Nxd5 Rxd5 22.Rfe1 e6 23.Re2 Rad8 24.Rc2 b6 25.a5 Rd2 26.Rac1 Rxc2 27.Rxc2 Rd3
28.Kg2 Rb3 29.axb6 axb6 30.Kg3 e5  0-1

[Event "ACP Blitz Prelim1"]
[Site "playchess.com INT"]
[Date "2004.04.12"]
[Round "5"]
[White "Timofeev,Ar"]
[Black "Lobron,E"]
[Result "1/2-1/2"]
[WhiteElo "2591"]
[BlackElo "2493"]

1.e4 g6 2.d4 Bg7 3.Nc3 d6 4.f4 a6 5.a4 Nf6 6.Nf3 c5 7.dxc5 Qa5 8.Bd2 Qxc5
9.Bd3 O-O 10.Qe2 Bg4 11.Qe3 Qxe3+ 12.Bxe3 Bxf3 13.gxf3 Nc6 14.a5 Nd7 15.Ke2 Nc5
16.Nd5 Bxb2 17.Rab1 Bg7 18.Bxc5 dxc5 19.Rxb7 Nxa5 20.Nxe7+ Kh8 21.Rc7 Rfe8
22.Rxc5 Rxe7 23.Rxa5 Bh6 24.f5 Rc7 25.Rha1 Bf4 26.h3 Kg7 27.fxg6 hxg6 28.h4 Rh8
29.Rh1 Rc6 30.Kf2 g5 31.Rxa6 Rxa6 32.Bxa6 Rxh4 33.Rxh4 gxh4 34.Kg2 Kf6 35.Kh3 Kg5
36.Bc4 f6 37.Be6 Bd6 38.Bg4 Bc5 39.c4 Bd6 40.Kg2 Bc5 41.Kf1 Bd6 42.Ke2 Bc5
43.Kf1 Kf4 44.Kg2 Kg5 45.Kh3 Bd6 46.Bf5 Bc5 47.Be6 Bd6 48.Bd7 Bc5 49.Bg4  1/2-1/2

[Event "ACP Blitz Prelim1"]
[Site "playchess.com INT"]
[Date "2004.04.12"]
[Round "11"]
[White "Fontaine,R"]
[Black "Berry,J"]
[Result "1-0"]
[WhiteElo "2525"]
[BlackElo "2255"]

1.e4 g6 2.d4 Bg7 3.Nc3 d6 4.Nf3 a6 5.Be3 b5 6.Bd3 Bb7 7.O-O Nd7 8.Ne2 Ngf6
9.Ng3 h5 10.Bg5 Nh7 11.h4 Nxg5 12.hxg5 h4 13.Ne2 h3 14.gxh3 Rxh3 15.Nf4 Rh7
16.Kg2 Nf8 17.Rh1 Qd7 18.Rxh7 Nxh7 19.Kg3 O-O-O 20.Qh1 Rh8 21.Qh3 c5 22.Qxd7+ Kxd7
23.c3 c4 24.Bc2 e5 25.dxe5 Bxe5 26.Nxe5+ dxe5 27.Nh3 Ke6 28.a4 Rd8 29.axb5 axb5
30.Ra5 Bc6 31.Ra6 Kd6 32.Kf3 Kc5 33.Ke3 Ra8 34.Rxa8 Bxa8 35.f4 Nf8 36.fxe5 Ne6
37.Bd1 Bc6 38.Bg4 Bd7 39.Bxe6 Bxe6 40.Nf4 Bg4 41.Nd5 Be6 42.Nb4 Bd7 43.Nc2 Be6
44.Nd4 Bg4 45.Kf4 Be6 46.Kf3 b4 47.Ke3 bxc3 48.bxc3 Bd7 49.Kf3 Be6 50.Kf4 Kb6
51.Ke3 Kc5 52.Ne2 Kb6 53.Kd4 Kb5 54.Nf4 Bg4 55.Nd5 Be6 56.Nc7+ Kc6 57.Nxe6 fxe6
58.Kxc4 Kb6 59.Kb4 Kc6 60.c4 Kb6 61.c5+ Kc6 62.Kc4 Kc7 63.Kb5 Kb7 64.c6+ Kc7
65.Kc5 Kc8 66.Kd6 Kd8 67.Kxe6  1-0

[Event "2nd Nabokov Mem"]
[Site "Kiev UKR"]
[Date "2004.04.13"]
[Round "2"]
[White "Goreskul,A"]
[Black "Moliboga,V"]
[Result "1-0"]
[WhiteElo "2244"]
[BlackElo "2329"]

1.e4 g6 2.d4 Bg7 3.Nc3 d6 4.Be3 c6 5.a4 a5 6.h3 Nf6 7.Nf3 O-O 8.Be2 Na6 9.O-O Qc7
10.Qd2 e5 11.dxe5 dxe5 12.Rfd1 Nh5 13.Bc4 Nf4 14.Qd6 Qxd6 15.Rxd6 Ne6 16.Rad1 h6
17.Kf1 Kh7 18.Kg1 Re8 19.R6d2 Nb4 20.Bb6 f6 21.Ne1 f5 22.Bxe6 Bxe6 23.Rd8 fxe4
24.Rxe8 Rxe8 25.Nxe4 Nd5 26.Bxa5 Ra8 27.Bd2 Bf8 28.b3 Bf5 29.Ng3 Be6 30.Nd3 Bg7
31.c4 Ne7 32.Nc5 Bc8 33.Bc3 Nf5 34.Nxf5 Bxf5 35.Nxb7 Rb8 36.Nc5 Bf8 37.Nd7 Ra8
38.Bxe5 Be7 39.Bf6 Bxf6 40.Nxf6+ Kg7 41.Ng4 Bc2 42.Rd7+ Kf8 43.Ne5 Bxb3 44.Nxg6+ Kg8
45.Ne7+ Kf8 46.Nxc6 Bxc4 47.Ne5 Bb3 48.Rh7 Rxa4 49.Rxh6 Bd5 50.Nd7+ Kg7 51.Rd6 Bg8
52.Kh2 Ra5 53.h4 Kf7 54.Nb6 Rh5 55.Kg3 Rb5 56.Nd5 Kg7 57.Nf4 Rb3+ 58.f3 Bf7
59.Kg4 Rb5 60.h5 Rb4 61.h6+ Kg8 62.Kg5 Bb3 63.Rd8+  1-0

[Event "2nd Nabokov Mem"]
[Site "Kiev UKR"]
[Date "2004.04.14"]
[Round "3"]
[White "Solomaha,A"]
[Black "Berezin,V UKR"]
[Result "1-0"]
[WhiteElo "2384"]
[BlackElo "2371"]

1.e4 g6 2.d4 Bg7 3.Nc3 d6 4.g3 Nf6 5.Bg2 O-O 6.Nge2 Na6 7.h3 c5 8.Be3 cxd4
9.Bxd4 Nb4 10.Nd5 Nbxd5 11.exd5 Qc7 12.O-O Bf5 13.c3 h5 14.Nf4 b5 15.Re1 Rfe8
16.Qf3 Bc8 17.Re3 Bb7 18.Qe2 a6 19.Re1 Kf8 20.g4 Qc4 21.Rxe7 Qxe2 22.R7xe2 Rxe2
23.Rxe2 hxg4 24.hxg4 g5 25.Nh3 Bc8 26.Nxg5 Bxg4 27.Re3 Bh5 28.Rg3 Ke7 29.Ne6 Bh6
30.Nc7 Rc8 31.Nxa6 Bf4 32.Rh3 Bg4 33.Rh4 Be5 34.Bxe5 dxe5 35.Nb4 Rg8 36.Kf1 Bf5
37.Bh3 Be4 38.Rh6 Bg6 39.Bf5 Kd6 40.Bxg6 fxg6 41.Rh3 e4 42.Re3 Ke5 43.f3 Kf4
44.Ke2 Rh8 45.fxe4 Rh2+ 46.Kd3 Ng4 47.Re2 Ne5+ 48.Kd2 Nc4+ 49.Kd3 Ne5+ 50.Kd2 Nc4+
51.Kd1 Ne3+ 52.Rxe3 Kxe3 53.e5 Ke4 54.d6 Rh8 55.d7  1-0

[Event "ACP Blitz Prelim4"]
[Site "playchess.com INT"]
[Date "2004.04.15"]
[Round "17"]
[White "Najer,E"]
[Black "Svidler,P"]
[Result "1/2-1/2"]
[WhiteElo "2606"]
[BlackElo "2733"]

1.e4 g6 2.d4 Bg7 3.Nc3 d6 4.g3 Nf6 5.Bg2 O-O 6.Nge2 c5 7.dxc5 dxc5 8.Qxd8 Rxd8
9.Be3 Na6 10.h3 Be6 11.a3 Nd7 12.f4 Nb6 13.b3 Rac8 14.Rd1 Rxd1+ 15.Kxd1 Bd7
16.e5 Bc6 17.Bxc6 Rxc6 18.Nb5 Nc8 19.Kc1 Kf8 20.Rd1 Ke8 21.Nec3 Nc7 22.Nxc7+ Rxc7
23.Nb5 Rc6 24.a4 f6  1/2-1/2

[Event "2nd Nabokov Mem"]
[Site "Kiev UKR"]
[Date "2004.04.16"]
[Round "6"]
[White "Pavlov,S2"]
[Black "Galinsky,T"]
[Result "1/2-1/2"]
[WhiteElo "2338"]
[BlackElo "2416"]

1.e4 g6 2.d4 Bg7 3.Nc3 d6 4.f4 Nf6 5.Nf3 O-O 6.Bd3 c6 7.O-O b5 8.e5 Ne8 9.Qe2 Nc7
10.a3 Nd7 11.exd6 exd6 12.f5 Nf6 13.Bg5 gxf5 14.Qd2 Ne6 15.Bh6  1/2-1/2

[Event "1st It Congress"]
[Site "Coventry ENG"]
[Date "2004.04.18"]
[Round "4"]
[White "Littlewood,P"]
[Black "Buckley,D"]
[Result "1-0"]
[WhiteElo "2390"]
[BlackElo "2203"]

1.d4 g6 2.e4 Bg7 3.Nc3 d6 4.Be3 c6 5.Qd2 b5 6.Bd3 Nd7 7.Nf3 Qc7 8.O-O Ngf6
9.h3 O-O 10.Rfe1 e5 11.dxe5 Nxe5 12.Nxe5 dxe5 13.a4 b4 14.Nd1 c5 15.b3 Be6
16.Nb2 Rad8 17.f3 Nh5 18.Qf2 Rc8 19.Ba6 Nf4 20.Bxc8 Qxc8 21.Nd3 Bxh3 22.g3 f5
23.gxf4 fxe4 24.Nxe5 Bxe5 25.fxe5 Rxf3 26.Qh4 Bd7 27.Rad1 Rh3 28.Qe7 Be8
29.e6 Qb8 30.Qd6  1-0

[Event "2nd Nabokov Mem"]
[Site "Kiev UKR"]
[Date "2004.04.18"]
[Round "8"]
[White "Onischuk,V"]
[Black "Moliboga,V"]
[Result "0-1"]
[WhiteElo "2237"]
[BlackElo "2329"]

1.e4 g6 2.d4 Bg7 3.Nc3 d6 4.Nf3 Nf6 5.Be2 O-O 6.O-O Nc6 7.h3 e5 8.Be3 exd4
9.Nxd4 Bd7 10.f4 Nxe4 11.Nxe4 Re8 12.Bf3 d5 13.Ng5 Rxe3 14.Bxd5 Bxd4 15.Nxf7 Qf6
16.Ne5+ Kh8 17.Kh1 Bxe5 18.fxe5 Qxe5 19.Rf7 Be6 20.Bxe6 Qxe6 21.Rxc7 Rxh3+  0-1

[Event "6th Open"]
[Site "Dubai UAE"]
[Date "2004.04.21"]
[Round "3"]
[White "Velcheva,M"]
[Black "Dzhumaev,M"]
[Result "0-1"]
[WhiteElo "2281"]
[BlackElo "2512"]

1.e4 g6 2.d4 Bg7 3.Nc3 d6 4.Be3 a6 5.Bd3 b5 6.Nf3 Nd7 7.Qd2 Bb7 8.a3 c5 9.O-O cxd4
10.Nxd4 Ngf6 11.Bh6 O-O 12.Bxg7 Kxg7 13.Qg5 e6 14.Rad1 Qb6 15.Nf3 h6 16.Qg3 Rac8
17.Be2 Rxc3 18.bxc3 Nxe4 19.Qf4 Nxc3 20.Rd2 Nf6 21.Re1 Nfe4 22.Bd3 Nxd2 23.Nxd2 Qc5
24.Nb3 Qg5  0-1

[Event "4th Gold Cup"]
[Site "Szombathely HUN"]
[Date "2004.04.22"]
[Round "4"]
[White "Rudolf,A"]
[Black "Dragomirescu,An"]
[Result "0-1"]
[WhiteElo "2197"]
[BlackElo "2288"]

1.e4 g6 2.d4 Bg7 3.Nc3 d6 4.Bg5 c6 5.Qd2 b5 6.f4 Nf6 7.Bd3 O-O 8.Nf3 Bg4
9.O-O-O Qa5 10.Kb1 b4 11.Ne2 Nbd7 12.h3 Bxf3 13.gxf3 Rab8 14.c4 bxc3 15.Nxc3 Rfe8
16.e5 Nh5 17.Bc4 d5 18.Bb3 e6 19.Rhg1 Qb4 20.Ne2 Bf8 21.Qxb4 Rxb4 22.Kc2 Reb8
23.f5 c5 24.Bd2 c4 25.Bxb4 cxb3+ 26.Kxb3 Rxb4+ 27.Kc2 exf5 28.Kb1 Bh6 29.Rd3 Nb6
30.Rb3 Rxb3 31.axb3 a5 32.Kc2 Bf8 33.Kd3 Bb4 34.Rc1 Kf8 35.Rc7 Ke8 36.Ke3 g5
37.Rc6 Nd7 38.Rh6 f4+ 39.Kf2 Ng7 40.Nc3 Nf5 41.Ra6 Nxd4 42.Ra8+ Ke7 43.Nxd5+ Ke6
44.Nxb4 axb4 45.Re8+ Kd5 46.Rd8 Kc6 47.Rc8+ Kb6 48.Re8 Ne6 49.Rh8 Ndf8 50.h4 gxh4
51.Rg8 Kc5 52.Rg1 Ng6 53.Rc1+ Kd5 54.Kg2 Nxe5 55.Kh3 Ng5+ 56.Kxh4 Ngxf3+
57.Kh3 Nd4 58.Rc8 Ke4 59.Re8 Nc6 60.Kg2 Ke3 61.Rh8 f3+ 62.Kf1 Nd4 63.Rxh7 Nf5
64.Rh3 Ng4 65.Kg1 Ke2  0-1

[Event "6th Open"]
[Site "Dubai UAE"]
[Date "2004.04.25"]
[Round "7"]
[White "Mamedov,N"]
[Black "Gurieli,N"]
[Result "1-0"]
[WhiteElo "2463"]
[BlackElo "2345"]

1.e4 g6 2.d4 Bg7 3.Nc3 d6 4.Nf3 Nf6 5.Be2 O-O 6.O-O c6 7.a4 Nbd7 8.Bf4 Nh5
9.Bg5 h6 10.Be3 e5 11.Qd2 Kh7 12.Rfd1 Qe7 13.a5 exd4 14.Nxd4 Nhf6 15.a6 Nxe4
16.Nxe4 Qxe4 17.Bf3 Qh4 18.axb7 Bxb7 19.Nxc6 Rac8 20.Rxa7 Bxc6 21.Bxc6 Rxc6
22.Rxd7 Bxb2 23.Rxd6 Rc4 24.Rd7 Be5 25.g3 Qe4 26.Bxh6 Rxc2 27.Qxc2 Qxc2 28.Bxf8 Qf5
29.Ba3 g5 30.Bc1 Kg6 31.R7d5 f6 32.Bb2 Qe4 33.Bxe5 fxe5 34.R5d3 Qe2 35.Rd6+ Kf5
36.h3 Ke4 37.R6d2 Qc4 38.Re1+ Kf5 39.Rde2 Kf6 40.Rxe5 Qc2 41.Re6+ Kf7 42.Re7+ Kf8
43.R7e5  1-0

[Event "Corsica Hotels Masters"]
[Site "Bastia FRA"]
[Date "2004.04.29"]
[Round "6"]
[White "Skembris,S"]
[Black "Vilaisarn,A"]
[Result "1-0"]
[WhiteElo "2439"]
[BlackElo "2156"]

1.d4 g6 2.e4 Bg7 3.Nc3 d6 4.Nf3 Nf6 5.h3 O-O 6.Bg5 c6 7.Bd3 b5 8.O-O h6 9.Be3 b4
10.Ne2 a5 11.a3 bxa3 12.Rxa3 Ba6 13.Qd2 d5 14.exd5 Bxd3 15.Rxd3 Ne4 16.Qc1 cxd5
17.Bxh6 Nc6 18.Bxg7 Kxg7 19.Nf4 e6 20.c3 a4 21.Nd2 Nd6 22.Rg3 Qc8 23.Nh5+ Kh7
24.Nf3 Ne4 25.Ng5+ Nxg5 26.Qxg5 Qd8 27.Nf6+ Kg7 28.Rf3 Rh8 29.Ra1 Kf8 30.Qf4 Qe7
31.Re1 Rd8 32.h4 Na5 33.h5 gxh5 34.Re5 Nc4 35.Rg5 h4 36.Rg8+  1-0

[Event "Masters"]
[Site "Victoria AUS"]
[Date "2004.04.30"]
[Round "8"]
[White "Tindall,B"]
[Black "Krstic,S AUS"]
[Result "1/2-1/2"]
[WhiteElo "2286"]
[BlackElo "2111"]

1.d4 g6 2.e4 Bg7 3.Nc3 d6 4.Be3 Nf6 5.f3 Nbd7 6.Qd2 e5 7.Nge2 O-O 8.O-O-O c6
9.Bh6 b5 10.Bxg7 Kxg7 11.dxe5 dxe5 12.g4 Qa5 13.Ng3 Nc5 14.g5 Nfd7 15.h4 b4
16.Nb1 Qxa2 17.Qxb4 Rb8 18.Qa3 Qxa3 19.Nxa3 f6 20.Be2 fxg5 21.hxg5 Ne6 22.Rd6 Nxg5
23.Rxc6 Nxf3 24.Bc4 h5 25.Nb5 Rxb5 26.Bxb5 Nd4 27.Rxc8 Rxc8 28.Bxd7 Rxc2+
29.Kb1 Rc7 30.Be8 Nf3 31.Rh3 Nd2+ 32.Ka2 Re7 33.Bb5 Kh6 34.Rh2 Nf3 35.Rxh5+ gxh5
36.Nf5+ Kg5 37.Nxe7 Nd2 38.Bd7 Nxe4 39.Nc6 Kf4 40.b4 Nf6 41.Bh3 e4 42.Kb2 Nd5
43.Kc2 Kg3 44.Be6 Nf4 45.Bf5 e3 46.Nd4 a6 47.Kc3 Kf2 48.Kc4 h4 49.Kc5 e2
50.Nxe2 Kxe2 51.Bc8 Kf2 52.Kd4 Kg3 53.Kc5 Nd3+ 54.Kc4 Ne5+ 55.Kd4 Kf4 56.Kc5 Ke3
57.Kd5 Nd3 58.Kc4 Kd2 59.Bxa6 Nxb4  1/2-1/2

[Event "ch-POL w"]
[Site "Warsaw POL"]
[Date "2004.05.07"]
[Round "11"]
[White "Dworakowska,J"]
[Black "Szczepkowska,K"]
[Result "0-1"]
[WhiteElo "2395"]
[BlackElo "2274"]

1.e4 g6 2.d4 Bg7 3.Nc3 d6 4.f4 a6 5.Nf3 b5 6.Bd3 Bb7 7.e5 c5 8.dxc5 dxe5
9.fxe5 Nd7 10.Bf4 Nxc5 11.O-O Ne6 12.Bg3 Nh6 13.Qe2 O-O 14.Rad1 Qc7 15.Be4 Rad8
16.Nd5 Bxd5 17.Bxd5 Qc5+ 18.Bf2 Qc8 19.Qe4 Nf5 20.b4 Rd7 21.g4 Nh6 22.Bb3 Rfd8
23.Rxd7 Qxd7 24.h3 Nc7 25.Be3 e6 26.Bg5 Rc8 27.Qf4 Nd5 28.Qd2 Qa7+ 29.Kh1 Nxg4
30.hxg4 Nc3 31.Be3 Qb7 32.Kg2 Bxe5 33.Bf4 Ne4 34.Qc1 Bc3 35.a3 Nf6 36.g5 Nd5
37.Rd1 Ne7 38.Qe3 Bg7 39.Re1 Nf5 40.Qe4 Qe7 41.Be5 Bxe5 42.Qxe5 Rd8 43.Qf6 Qd6
44.Qe5 Qe7 45.Qe4 Qc7 46.Ne5 Rd4 47.Qc6 Rg4+ 48.Kf2 Rf4+ 49.Kg2 Qd8 50.Nf3 Rxf3
51.Rxe6 Nh4+  0-1

[Event "12th Sigeman & Co"]
[Site "Malmoe/Copenhagen SWE"]
[Date "2004.05.09"]
[Round "9"]
[White "Aagaard,J"]
[Black "Hillarp Persson,T"]
[Result "1/2-1/2"]
[WhiteElo "2400"]
[BlackElo "2513"]

1.e4 g6 2.d4 Bg7 3.Nc3 d6 4.f4 a6 5.Nf3 b5 6.Bd3 Nd7 7.e5 c5 8.Be4 Rb8 9.O-O cxd4
10.Nxd4 dxe5 11.Nc6 Qb6+ 12.Kh1 Ngf6 13.Nxb8 Qxb8 14.Bc6 O-O 15.Qe2 e6 16.g3 b4
17.Ne4 Nh5 18.Ng5 exf4 19.gxf4 h6 20.Nh3 Nhf6 21.Bg2 Bb7 22.a3 a5 23.axb4 axb4
24.Bxb7 Qxb7+ 25.Qg2 Qb5 26.Bd2 Nd5 27.f5 exf5 28.Rxf5 N7f6 29.Rff1 Qc4 30.Nf4 Nxf4
31.Rxf4 Qxc2 32.Bxb4 Qxg2+ 33.Kxg2 Nd5 34.Bxf8 Nxf4+ 35.Kf3 Kxf8 36.Kxf4  1/2-1/2

[Event "7th United Insurance"]
[Site "Dhaka BAN"]
[Date "2004.05.10"]
[Round "4"]
[White "Sankalp,M"]
[Black "Gosh,C"]
[Result "1-0"]
[WhiteElo "1953"]
[BlackElo "2246"]

1.e4 g6 2.d4 Bg7 3.Nc3 d6 4.Be3 Nf6 5.Qd2 O-O 6.O-O-O Re8 7.f3 c6 8.g4 b5
9.h4 h5 10.gxh5 Nxh5 11.Nce2 Nd7 12.Nf4 Ndf6 13.Nge2 Bb7 14.Nxh5 Nxh5 15.Nf4 Ng3
16.Rh3 Nxf1 17.Rxf1 c5 18.d5 Bc8 19.Rg3 e6 20.h5 Qf6 21.c3 b4 22.hxg6 bxc3
23.Qh2 cxb2+ 24.Kb1 Ba6 25.Qh7+ Kf8 26.gxf7 Kxf7 27.Rfg1 Rg8 28.dxe6+ Kf8
29.Rxg7 Rxg7 30.Qh8+  1-0

[Event "7th United Insurance"]
[Site "Dhaka BAN"]
[Date "2004.05.13"]
[Round "10"]
[White "Sankalp,M"]
[Black "Ali,MdI"]
[Result "1/2-1/2"]
[WhiteElo "1953"]
[BlackElo "2126"]

1.e4 g6 2.d4 Bg7 3.Nc3 d6 4.Be3 Nf6 5.Qd2 Ng4 6.Bg5 Nc6 7.f3 Nf6 8.O-O-O h6
9.Be3 a6 10.g4 h5 11.g5 Nd7 12.f4 e5 13.dxe5 dxe5 14.f5 Bf8 15.Bc4 Nd4 16.fxg6 fxg6
17.Bxd4 exd4 18.Qf4 Rh7 19.Rxd4 Bd6 20.Qd2 Be5 21.Rd3 Bxc3 22.Rxc3 Ne5 23.Qxd8+ Kxd8
24.Ne2 c6 25.Nf4 b5 26.Be2 Rf7 27.Rd1+ Ke7 28.Rc5 Rxf4 29.Rxe5+ Be6 30.Bf1 Rh4
31.h3 Rf4 32.Rc5 Raf8 33.Bd3 Kd6 34.b4 Kc7  1/2-1/2